Aplicación de un programa sistémico institucional de acción directorial en las sedes universitarias municipales de cultura física (PSIAT)
Se investiga la aplicación de un Programa Sistémico Institucional de Acción Tutorial en las Sedes Universitarias Municipales de Cultura Física, originadas por la implantación de la universalización.
Uloženo v:
| Hlavní autor: | |
|---|---|
| Korporativní autor: | |
| Další autoři: | |
| Médium: | E-kniha |
| Jazyk: | španělština |
| Vydáno: |
La Habana :
Editorial Universitaria,
2012.
|
| Témata: | |
| On-line přístup: | https://elibro.unach.elogim.com/es/lc/unach/titulos/90455 |
| Tagy: |
Přidat tag
Žádné tagy, Buďte první, kdo vytvoří štítek k tomuto záznamu!
|
MARC
| LEADER | 00000nam a2200000 a 4500 | ||
|---|---|---|---|
| 001 | ELB90455 | ||
| 003 | FlNmELB | ||
| 006 | m o d | | ||
| 007 | cr cn||||||||| | ||
| 008 | 201201r2012 cu |||||s|||||||||||spa d | ||
| 024 | 8 | |z Tesis | |
| 035 | |a (MiAaPQ)EBC3200758 | ||
| 035 | |a (Au-PeEL)EBL3200758 | ||
| 035 | |a (CaPaEBR)ebr10584043 | ||
| 035 | |a (OCoLC)929370070 | ||
| 040 | |a FlNmELB |b spa |c FlNmELB | ||
| 050 | 4 | |a LA173 |b V999 2012 | |
| 080 | |a 378 | ||
| 082 | 0 | 4 | |a 378 |2 22 |
| 100 | 1 | |a Vázquez Martí, Miguel Román. | |
| 245 | 1 | 0 | |a Aplicación de un programa sistémico institucional de acción directorial en las sedes universitarias municipales de cultura física (PSIAT) |h [recurso electronico] |c Miguel Román Vázquez Martí. |
| 260 | |a La Habana : |b Editorial Universitaria, |c 2012. | ||
| 300 | |a 495 p. | ||
| 500 | |a Tesis (doctorado) - Universidad de Jaén, España. | ||
| 520 | |a Se investiga la aplicación de un Programa Sistémico Institucional de Acción Tutorial en las Sedes Universitarias Municipales de Cultura Física, originadas por la implantación de la universalización. | ||
| 533 | |a Recurso electrónico. Santa Fe, Arg.: e-libro, 2015. Disponible vía World Wide Web. El acceso puede estar limitado para las bibliotecas afiliadas a e-libro. | ||
| 650 | 4 | |a Educación. |x Educación física. | |
| 650 | 4 | |a Education. |x Physical education. | |
| 650 | 4 | |a Deportes y Recreación. |x General. | |
| 650 | 4 | |a Sports and Recreation. |x General. | |
| 655 | 4 | |a Libros electrónicos. | |
| 700 | 1 | |a Pantoja Vallejo, Antonio. |4 drt | |
| 710 | 2 | |a e-libro, Corp. | |
| 856 | 4 | 0 | |u https://elibro.unach.elogim.com/es/lc/unach/titulos/90455 |